Estadísticas para Prueba de la Comunidad de Madrid

Haz click aquí para tomar la prueba!

Estadísticas generales

  • Esta prueba ha sido tomada 452 veces
  • La puntuación promedio es 9 de 18

Estadísticas de respuestas

PreguntaRespuesta% Correcto
CapitalMadrid
100%
GentilicioMadrileño
95%
El club principal de fútbol de la comunidadReal Madrid
89%
Uno de los museos más populares de EuropaMuseo del Prado
85%
Goleador más exitoso de ese club aunque no es españolCristiano Ronaldo
84%
Es la universidad pública más antigua de Madrid y se considera una de las más prestigiosas del mundo hispanoUniversidad {Complutense} de Madrid
74%
El plaza más famosa y visitada de la comunidadPuerta del Sol
63%
La comunidad cae en la cuenca hidrográfica de este ríoTajo
58%
Este rey trasladó la capital del reino donde está actualmenteFelipe II
53%
La segunda ciudad más grandeMóstoles
48%
Ese adjetivo es el gentilicio de esta ciudadAlcalá de Henares
39%
Se puede encontrar el Parque Natural de Peñalara en esta sierraGuadarrama
39%
Justo antes de su creación, la Comunidad de Madrid estaba parte de esta región históricaCastilla la Nueva
36%
En la serie La casa de papel, entran este edificio para imprimir y robar dineroFábrica Nacional de Moneda y Timbre
28%
En esa plaza, el kilómetro cero está enfrente de este edificioReal Casa de Correos
27%
Edificio más alto del paísTorre de Cristal
11%
Diseñador de las primeras estaciones del MetroAntonio Palacios
10%
Esta palabra coloquial significa la verdad o muy bienFetén
9%

Distribución de puntuación

Porcentaje por número respondido

Porcentaje de gente con cada puntuación

Historial de tus puntuaciones

No has tomado esta prueba